| 000 | 00738nam a2200217 4500 | ||
|---|---|---|---|
| 001 | 143529 | ||
| 003 | ES-MaACL | ||
| 005 | 20250829063126.0 | ||
| 007 | t| | ||
| 008 | 070214s1913 fr r ||||1| fre d | ||
| 100 | 1 |
_aSertillanges, Antonin-Dalmace, _d1863-1948 _9105847 |
|
| 245 | 1 | 4 |
_aLes vertus théologales _b: choix de textes précédés d'une étude / _cpar A.-D. Sertillanges. |
| 260 |
_aParis : _bH. Laurens, _c1913 ( _eEvreux : _fCh. Hérissey) |
||
| 300 |
_a3 v. : _bil. ; _c25 x 17 cm. |
||
| 500 | _aContiene: I . La Foi ----- II . L'Espérance ------ III . La Charité. | ||
| 740 | 0 | _aLa Foi. | |
| 740 | 0 | _aL'Espérance. | |
| 740 | 0 | _aLa Charité. | |
| 852 |
_aES-MaACL _jF-1040-42 |
||
| 999 |
_c143529 _d143529 |
||